Secularización y cristianismo
保存先:
| 第一著者: | |
|---|---|
| フォーマット: | 図書 |
| 言語: | スペイン語 |
| 出版事項: |
Barcelona
Nova Terra
1969
|
| 主題: | |
| タグ: |
タグ追加
タグなし, このレコードへの初めてのタグを付けませんか!
|
MARC
| LEADER | 00000nam a2200000 a 4500 | ||
|---|---|---|---|
| 001 | UCQ2204 | ||
| 003 | CL-VaPUC | ||
| 008 | 980721e19690000SP |||||||||||||||||spa|d | ||
| 082 | 0 | 4 | |a 211.6 |b XIR |2 21 |
| 100 | 0 | |a Xirinacs, Lluís M |e author |9 416163 | |
| 245 | 1 | 0 | |a Secularización y cristianismo |
| 300 | |a 199 p | ||
| 942 | |c BK | ||
| 945 | |d 19980721 00:00:00 |a aalvarez | ||
| 260 | |a Barcelona |b Nova Terra |c 1969 | ||
| 650 | 0 | |a Secularización |9 258584 | |
| 650 | 0 | |a Cristianismo |9 257361 | |
| 650 | 0 | |a Teología |9 258766 | |
| 583 | |a last modification |c 19980721 00:00:00 |k Rodrigo Vera | ||
| 999 | |c 273043 |d 273041 | ||
| 952 | |0 0 |1 0 |4 0 |6 211_600000000000000_XIR_1969 |7 0 |8 A |9 308317 |a BIBTEO |b BIBTEO |d 2019-11-20 |i 3419339 |o 211.6 XIR 1969 |p 3419339 |r 2025-01-17 |w 2019-11-20 |y BK |k ICR | ||